| 000 | 00868nac a22002291u 4500 | ||
|---|---|---|---|
| 010 | _a2002026444 | ||
| 020 | _a0072397020 | ||
| 020 | _a0071121943 | ||
| 020 | _a0070528489 | ||
| 082 | 0 | 0 |
_a004.6 _bF727 |
| 090 |
_c684 _d684 |
||
| 100 | _aForouzan, Behrouz A. | ||
| 245 | 1 | 0 |
_aBusiness data communications / _cBehrouz A. Forouzan. |
| 260 |
_aNew Delhi : _bMcGraw-Hill, _cc2003. |
||
| 300 |
_axxiii, 407 p. : _bill. ; _c24 cm. |
||
| 500 | _aIncludes index. | ||
| 650 | 0 |
_aBusiness enterprises _xComputer networks. |
|
| 856 | 4 | 2 |
_3Publisher description _uhttp://www.loc.gov/catdir/description/mh024/2002026444.html |
| 856 | 4 | 2 |
_3Table of contents _uhttp://www.loc.gov/catdir/toc/mh023/2002026444.html |
| 942 |
_cBB _k004.6F727 |
||
| 999 |
_c684 _d684 |
||